Central Library OPAC University of Rajshahi

বাংলাদেশের উপজাতি / (Record no. 71367)

MARC details
000 -LEADER
fixed length control field 01023nam a2200277 a 4500
001 - CONTROL NUMBER
control field 71367
003 - CONTROL NUMBER IDENTIFIER
rucl marc code BD-RjUL
005 - DATE AND TIME OF LATEST TRANSACTION
control field 20211209082115.0
008 - FIXED-LENGTH DATA ELEMENTS--GENERAL INFORMATION
fixed length control field 170502s1985 bg |||| |||| 000 0 ben d
020 ## - INTERNATIONAL STANDARD BOOK NUMBER
Terms of availability : TK.1.50
035 ## - SYSTEM CONTROL NUMBER
System control number (BD-RjUL)71583
040 ## - CATALOGING SOURCE
Original cataloging agency BD-RjUL
Language of cataloging ben
Transcribing agency BD-RjUL
Modifying agency BD-RjUL
041 ## - LANGUAGE CODE
Language code of text/sound track or separate title ben
082 ## - DEWEY DECIMAL CLASSIFICATION NUMBER
Edition number 23
Classification number 307.772095492
Author mark and year CHB 1985
100 1# - MAIN ENTRY--PERSONAL NAME
Personal name চাকমা, সুগত
9 (RLIN) 120538
245 10 - TITLE STATEMENT
Title বাংলাদেশের উপজাতি /
Statement of responsibility, etc. সুগত চাকমা
260 ## - PUBLICATION, DISTRIBUTION, ETC. (IMPRINT)
Place of publication, distribution, etc. ঢাকা :
Name of publisher, distributor, etc. বাংলা একাডেমী,
Date of publication, distribution, etc. ১৯৮৫
300 ## - PHYSICAL DESCRIPTION
Pagination ১০৩ পৃ. :
Size ১৯ সেমি.
490 ## - SERIES STATEMENT
Series statement ভাষা-শহীদ গ্রন্থমালা
Series statement বা/এ ;
Volume/sequential designation ১৭২৭
650 ## - SUBJECT ADDED ENTRY--TOPICAL TERM
Topical term or geographic name as entry element উপজাতি
Geographic subdivision বাংলাদেশ
9 (RLIN) 120539
Topical term or geographic name as entry element Tribes
Geographic subdivision Bangladesh
9 (RLIN) 120540
830 ## - SERIES ADDED ENTRY--UNIFORM TITLE
Uniform title ভাষা-শহীদ গ্রন্থমালা
Uniform title বা/এ ;
Volume number/sequential designation ১৭২৭
942 ## - ADDED ENTRY ELEMENTS (KOHA)
Source of classification or shelving scheme Dewey Decimal Classification
Koha item type Books
Holdings
Lost status Source of classification or shelving scheme Damaged status Not for loan Collection code Permanent Location Current Location Shelving location Date acquired Source of acquisition Cost, normal purchase price Total Checkouts Full call number Date last seen Copy number Koha item type Date checked out
  Dewey Decimal Classification   Not For Loan Non-fiction Central Library, University of Rajshahi Central Library, University of Rajshahi Reading Room 29/03/1987 Dhaka, Bangla Academy 15.00   B 307.772095492 CHB 1985 02/05/2017 C-1 Books  
  Dewey Decimal Classification     Non-fiction Central Library, University of Rajshahi Central Library, University of Rajshahi   29/03/1987 Dhaka, Bangla Academy 15.00 1 B 307.772095492 CHB 1985 05/07/2022 C-2 Books 28/06/2022